La dentelliere
Gespeichert in:
| 1. Verfasser: | |
|---|---|
| Format: | Buch |
| Sprache: | Englisch |
| Veröffentlicht: |
Routledge
1981 rep. 1994
|
| Tags: |
Tag hinzufügen
Keine Tags, Fügen Sie den ersten Tag hinzu!
|
MARC
| LEADER | 00000nam a22000007a 4500 | ||
|---|---|---|---|
| 008 | 230726b |||||||| |||| 00| 0 eng d | ||
| 020 | |a 0415040019 | ||
| 100 | |a Laine, Pascal | ||
| 245 | |a La dentelliere |c / Pascal Lain; edited by Michael Tilby |e (Twentieth century texts) |g viii, 135p. | ||
| 250 | |c Tilby, Michael | ||
| 260 | |b Routledge |c 1981 rep. 1994 |h London |i 296761 |l PQ2672.A34D |m French literature |m French literature |m Manners and customs | ||
| 942 | |a lcc |c BK |e A.R.Akinniyi |f 26:5:23 | ||
| 952 | |0 0 |1 0 |2 lcc |4 0 |6 PQ2672 A34 D43 |7 0 |9 4299 |a HOL |b ART |c LP |d 2023-07-26 |l 0 |o PQ2672.A34D43 |p 2023-0225 |r 2023-07-26 00:00:00 |t 296761 |w 2023-07-26 |y BK | ||
| 999 | |c 2159 |d 2159 | ||